00882pam a2200265 a 45000010008000000030005000080050017000130080041000300100017000710200026000880380022001140400018001360500023001540820030001771000063002072450081002702500012003512600047003633000034004104400044004445040062004885630008005506500028005587000030005862066985NUST20210901141251.0940114s1994 enka b 001 0 eng  a 94000869  a0077079760 :c£14.95 aSNS Library Staff aDLCcDLCdDLC00aQD96.M65bB36 199400a5430.84 BAN 1995220bBAN1 aBanwell, C. N., Elaine M. McCash, Department of Chemistry 10aFundamentals of Molecular Spectroscopy cColin N. Banwell, Elaine M. McCash. a4th ed. aLondon ;aNew York :bMcGraw-Hill,cc1994. axii, 308 p. :bill. ;c25 cm. aFundamentals of Molecular Spectroscopy  aIncludes bibliographical references (p. [292]) and index. aHB. 0aMolecular spectroscopy.1 aMcCash, Elaine M.,d1961-